Ukraine's Borders Quiz Stats

 Plays Quiz Updated Mar 17, 2016

Also try: 5-Border Countries
Challenge
Share
Tweet
Embed
Score 0/7 Timer 01:00
7 Plays Today
Country % Correct
Russia
99.2%
Belarus
86.5%
Romania
84.3%
Poland
82.8%
Moldova
74.3%
Hungary
71.2%
Slovakia
67.9%

You're not logged in!

Compare scores with friends on all Sporcle quizzes.
Join for Free
OR
Log In

You Might Also Like...

Show Comments

Extras

Top Quizzes Today


Score Distribution

Your Account Isn't Verified!

In order to create a playlist on Sporcle, you need to verify the email address you used during registration. Go to your Sporcle Settings to finish the process.

Report this User

Report this user for behavior that violates our Community Guidelines.

Details: